ბათუმის შოთა რუსთაველის სახელმწიფო უნივერსიტეტის ბიბლიოთეკა

ბოსტნეული კულტურების წარმოების ტექნოლოგია : (ბიბ.ჩანაწერი № 36403)

000 -ლიდერი
ფიქსირებული სიგრძის საკონტროლო ველი 01345nam a2200277Ia 4500
001 - საკონტროლო ნომერი
საკონტროლო ველი 2317
003 - საკონტროლო ნომრის იდენტიფიკატორი
საკონტროლო ველი GE_BSU
005 - ბოლო ოპერაციის თარიღი და დრო
საკონტროლო ველი 20190529182446.0
008 - ფიქსირებული სიგრძის მონაცემთა ელემენტები - ზოგადი ინფორმაცია
ფიქსირებული სიგრძის საკონტროლო ველი 181216s2009||||ge |||||||||||||| ||geo||
020 ## - წიგნის საერთაშორისო სტანდარტული ნომერი
International Standard Book Number 9789941409202
040 ## - კატალოგიზაციის წყარო
Transcribing agency GE_BSU
041 ## - ენის კოდი
Language code of text/sound track or separate title geo
080 ## - უნივერსალური ათობითი კლასიფიკაციის ინდექსი
Universal Decimal Classification number 635(035) ლ–81
100 ## - მთავარი ჩანაწერი - პიროვნების სახელი
Personal name ლომინაძე, შ.
9 (RLIN) 22
245 ## - ცნობა სათაურის შესახებ
Title ბოსტნეული კულტურების წარმოების ტექნოლოგია :
Remainder of title სახელმძღვ. ცნობარი ფერმერთათვის /
Statement of responsibility, etc ავტ.: შ. ლომინაძე, ლ. ებრალიძე, ზ. მახარაძე ; რედ. ო. შაინიძე.
264 ## - წარმოების, გამოცემის, დისტრიბუციის და სხვა ცნობები
გამოცემის, წარმოების, დისტრიბუციის... ადგილი ბათუმი :
გამოცემის, წარმოების, დისტრიბუციის... სახელწოდება შოთა რუსთაველის სახელმწ. უნ-ტი,
გამოცემის, წარმოების, დისტრიბუციის... თარიღი 2009.
300 ## - ფიზიკური აღწერა
Extent 32 გვ.:
Other physical details სურ., ცხრ. ;
Dimensions 20 სმ.
504 ## - BIBLIOGRAPHY, ETC. NOTE
Bibliography, etc ბიბლიოგრ.: გვ. 32.
653 ## - INDEX TERM--UNCONTROLLED
Uncontrolled term ბოსტნეული კულტურები
653 ## - INDEX TERM--UNCONTROLLED
Uncontrolled term ცნობარები
700 ## - ADDED ENTRY--PERSONAL NAME
Personal name ებრალიძე, ლ.
Relator term ავტორი
9 (RLIN) 1797
700 ## - ADDED ENTRY--PERSONAL NAME
Personal name მახარაძე, ზ
Relator term ავტორი
9 (RLIN) 1800
700 ## - ADDED ENTRY--PERSONAL NAME
Personal name შაინიძე, ო.
Relator term რედაქტორი
9 (RLIN) 1798
942 ## - ADDED ENTRY ELEMENTS (KOHA)
Koha item type წიგნი
Source of classification or shelving scheme
ეგზემპლარები
ჩამოწერის სტატუსი დაკარგული ეგზემპლარის სტატუსი კლასიფიკაციის წყარო ან თაროზე გაწყობის სქემა დაზიანების სტატუსი არ გაიცემა მუდმივი მდებარეობა (დაცვის ადგილი) ამჟამინდელი ადგილსამყოფელი თაროზე განთავსების ადგილი შეძენის თარიღი ღირებულება, შესყიდვის ნორმალური ფასი სრული შენახვის შიფრი შტრიხკოდი ბოლო ოპერაციის თარიღი ეგზემპლარის მიმდევრობითი ნომერი (კეტერი?) ფასის ძალაში შესვლის თარიღი ეგზემპლარის სახეობა საჯარო შენიშვნა Uniform Resource Identifier
          აგრარული და მემბრანული ტექნოლოგიების ინსტიტუტის ბიბლიოთეკა აგრარული და მემბრანული ტექნოლოგიების ინსტიტუტის ბიბლიოთეკა წიგნსაცავი 2025-05-02 2.00 635(035) ლ–81 71310 2025-05-02 71310 2025-05-02 წიგნი 2.00 ნაჩუქარი
          ბათუმის შოთა რუსთაველის სახელმწიფო უნივერსიტეტის მთავარი ბიბლიოთეკა ბათუმის შოთა რუსთაველის სახელმწიფო უნივერსიტეტის მთავარი ბიბლიოთეკა წიგნსაცავი 2018-12-17 2.00 635(035) ლ–81 4447 2018-12-17 4447 2018-12-17 წიგნი 2 ლ.